| 000 | 00593nam a2200205 4500 | ||
|---|---|---|---|
| 001 | 124007 | ||
| 003 | ES-MaACL | ||
| 005 | 20230906192309.0 | ||
| 007 | t| | ||
| 008 | 070214s1960 sp r ||||1| spa d | ||
| 100 | 1 |
_aRand, Ayn. _995399 |
|
| 245 | 1 | 3 |
_aLa rebelión de Atlas / _cAyn Rand ; versión española de Julio Fernández Yañez. |
| 260 |
_aBarcelona : _bLuis de Caralt, _c1960. |
||
| 300 |
_a1205 p. ; _c24 cm. |
||
| 490 | 1 | _aGigante | |
| 700 | 1 |
_aFernández-Yáñez, Julio. _950195 |
|
| 830 | 0 |
_aGigante _9181050 |
|
| 852 |
_aES-MaACL _jC-18701 _bR.46824 |
||
| 999 |
_c124007 _d124007 |
||